[Event "Olympiad URS"]
[Site "masterchessopen.com Moscow (Russia)"]
[Round "0"]
[White "Chernyh V (RUS)"]
[Black "Savon Vladimir A (UKR)"]
[Result "1-0"]
[WhiteElo "2148"]
[BlackElo "2443"]

1.d4 Nf6 2.c4 g6 3.Nc3 Bg7 4.e4 d6 5.Be2 O-O 6.Bg5 h6 7.Be3 e5 8.d5 Nbd7 9.Qd2
Nc5 10.f3 a5 11.O-O-O Kh7 12.g4 Nfd7 13.h4 a4 14.Nh3 c6 15.h5 g5 16.Kb1 Kg8
17.Nf2 a3 18.b3 Qa5 19.Rc1 Bf6 20.dxc6 bxc6 21.Qxd6 Ne6 22.Qxc6 Nd4 23.Bxd4
exd4 24.Nd5 Bd8 25.Nd3 Rb8 26.Qxh6 Nc5 27.Nxc5 Qxc5 28.Bd3 Rb6 29.Nxb6 Qxb6
30.Qxb6 {#r} 1-0

[Event "Ch Ukraine"]
[Site "masterchessopen.com Kiev (Ukraine)"]
[Round "4"]
[White "Lazarev Efim M (UKR)"]
[Black "Simkin Y (RUS)"]
[Result "1-0"]
[WhiteElo "2428"]
[BlackElo "2355"]

1.d4 Nf6 2.c4 g6 3.Nc3 Bg7 4.e4 d6 5.Be2 O-O 6.Bg5 h6 7.Bh4 c5 8.d5 e5 9.a3
Nbd7 10.Nf3 g5 11.Bg3 Nh5 12.Nd2 Nf4 13.O-O Nxe2+ 14.Qxe2 Nf6 15.b4 b6 16.Rab1
h5 17.h4 g4 18.Nd1 Ne8 19.f3 Bh6 20.Ne3 Bf4 21.Qf2 f5 22.Nxf5 Bxf5 23.exf5
Rxf5 24.fxg4 hxg4 25.Qe2 Nf6 26.Bxf4 Rxf4 27.g3 Rd4 28.bxc5 Nh5 29.Ne4 Kh8
30.Nxd6 Nxg3 31.Qxe5+ {#r} 1-0

[Event "Ch Czechoslovakia"]
[Site "masterchessopen.com Kosice (Czech Republic)"]
[Round "7"]
[White "Vesely Jaromir (CZE)"]
[Black "Fabian Jaroslav (SVK)"]
[Result "1-0"]
[WhiteElo "1979"]
[BlackElo "2192"]

1.d4 Nf6 2.c4 g6 3.Nc3 Bg7 4.e4 d6 5.Be2 O-O 6.Bg5 h6 7.Be3 e5 8.d5 a5 9.g4
Na6 10.h4 Nc5 11.f3 h5 12.Bg5 hxg4 13.h5 gxf3 14.Bxf3 Qd7 15.Qd2 Nxh5 16.Bxh5
gxh5 17.O-O-O Qg4 18.Rh4 Qd7 19.Nge2 f6 20.Bh6 Qe8 21.Rg1 Bg4 22.Rgxg4 hxg4
23.Bxg7 Qg6 24.Bxf8 Rxf8 25.Ng3 Nd3+ 26.Kb1 Nf4 27.Qd1 {#r} 1-0

[Event "Match"]
[Site "masterchessopen.com Copenhagen (Denmark)"]
[Round "6"]
[White "Andersen Borge (DEN)"]
[Black "Kolvig Bent (DEN)"]
[Result "0-1"]
[WhiteElo "2385"]
[BlackElo "2244"]

1.c4 Nf6 2.Nc3 g6 3.d4 Bg7 4.e4 d6 5.Be2 O-O 6.Bg5 h6 7.Be3 e5 8.d5 c5 9.g4 b5
10.cxb5 a6 11.bxa6 Qa5 12.f3 Bxa6 13.Qd2 h5 14.h3 Nbd7 15.Nb1 Qc7 16.Bxa6 Rxa6
17.Na3 Nb6 18.Ne2 Rb8 19.O-O Qd7 20.Nc3 hxg4 21.hxg4 Nxg4 22.fxg4 Rxa3 23.bxa3
Nc4 24.Qe2 Rb2 25.Qf3 Nxe3 26.Rf2 Rxf2 27.Kxf2 Nxg4+ 28.Ke2 Qb7 29.Rb1 Qa6+
30.Kd1 Bh6 31.Qe2 Ne3+ 32.Ke1 Qxa3 33.Rb8+ Kg7 34.Qb2 Qa5 35.Rb5 Qd8 36.Qf2
Ng4 37.Qg3 Qg5 38.Rb1 Qd2+ {#R} 0-1

[Event "Zt"]
[Site "masterchessopen.com Fortaleza (Brazil)"]
[Round "8"]
[White "Rossetto Hector (ARG)"]
[Black "Camara Helder (BRA)"]
[Result "1-0"]
[WhiteElo "2285"]
[BlackElo "2347"]

1.c4 Nf6 2.Nc3 g6 3.d4 Bg7 4.e4 d6 5.Be2 O-O 6.Bg5 h6 7.Be3 a6 8.Nf3 b6 9.O-O
c5 10.d5 Ne8 11.Qd2 Kh7 12.Ne1 e5 13.Nd3 Nd7 14.Rae1 f5 15.f4 Qe7 16.Bd1 Nef6
17.exf5 gxf5 18.fxe5 dxe5 19.Rxf5 Ne4 20.Nxe4 Rxf5 21.Bc2 Rf7 22.Ndf2 Kg8
23.Bxh6 Nf8 24.Bg5 Qc7 25.Ng3 Nh7 26.Bg6 Rf8 27.d6 Qa7 28.Be7 Rf4 29.Rxe5 Rd4
30.Bxh7+ Kxh7 31.Rh5+ Kg8 32.Qc2 Be6 33.Qg6 {#r} 1-0

[Event "Olympiad"]
[Site "masterchessopen.com Tel Aviv (Israel)"]
[Round "3"]
[White "Uhlmann Wolfgang (GER)"]
[Black "Bjornsson Tomas (ISL)"]
[Result "1-0"]
[WhiteElo "2379"]
[BlackElo "2162"]

1.d4 Nf6 2.c4 g6 3.Nc3 Bg7 4.e4 d6 5.Be2 O-O 6.Bg5 h6 7.Bf4 c5 8.d5 Na6 9.Nf3
Nc7 10.O-O g5 11.Be3 e5 12.a3 Ng4 13.Bd2 f5 14.exf5 Bxf5 15.Ne1 Nf6 16.Nc2 Bd7
17.Ne3 Rb8 18.b4 b6 19.Qc2 a6 20.Rab1 Qe7 21.Bd3 b5 22.bxc5 dxc5 23.Rfd1 Qe8
24.Bf5 bxc4 25.Bxd7 Qxd7 26.Rxb8 Rxb8 27.Qa2 Nb5 28.Qxc4 Nxa3 29.Qxa6 Nb5
30.Rb1 {#r} 1-0

[Event "Ch Hungary"]
[Site "masterchessopen.com Budapest (Hungary)"]
[Round "0"]
[White "Portisch Lajos (HUN)"]
[Black "Barczay Laszlo (HUN)"]
[Result "1-0"]
[WhiteElo "2523"]
[BlackElo "2381"]

1.c4 Nf6 2.Nc3 g6 3.d4 Bg7 4.e4 d6 5.Be2 O-O 6.Bg5 h6 7.Be3 Kh7 8.h3 c5 9.d5
e6 10.Bd3 Re8 11.Nf3 exd5 12.exd5 Nh5 13.O-O f5 14.Re1 Nd7 15.g4 Bxc3 16.bxc3
Ng7 17.Qd2 fxg4 18.hxg4 Ne5 19.Nxe5 Rxe5 20.f3 h5 21.Bf4 Rxe1+ 22.Rxe1 Qf6
23.g5 Qd8 24.Qh2 Bf5 25.Be4 Qa5 26.Bxd6 Qxc3 27.Qe2 Re8 28.Bh2 Qd4+ 29.Kh1 b5
30.cxb5 c4 31.Qe3 Qb2 32.d6 c3 33.Qd4 Bh3 34.Bxg6+ Kg8 35.Rxe8+ Nxe8 36.Qd5+
{#r} 1-0

[Event "Ch Denmark"]
[Site "masterchessopen.com Aarhus (Denmark)"]
[Round "8"]
[White "Brinck-Claussen Bjorn (DEN)"]
[Black "Andersen Borge (DEN)"]
[Result "0-1"]
[WhiteElo "2263"]
[BlackElo "2385"]

1.d4 Nf6 2.c4 g6 3.Nc3 Bg7 4.e4 d6 5.Be2 O-O 6.Bg5 h6 7.Bf4 Nc6 8.d5 e5 9.Be3
Nd4 10.Bxd4 exd4 11.Qxd4 Re8 12.Qd3 Nd7 13.Nf3 Nc5 14.Qd2 Nxe4 15.Nxe4 Rxe4
16.O-O Qf6 17.Rab1 Bg4 18.b3 Rae8 19.Bd1 b6 20.Re1 Rxe1+ 21.Nxe1 Qf4 22.Qb4
{#R} 0-1

[Event "It"]
[Site "masterchessopen.com Detmold (Germany)"]
[Round "2"]
[White "Speer Albrecht (GER)"]
[Black "Bonne Mark (BEL)"]
[Result "1-0"]
[WhiteElo "2244"]
[BlackElo "2250"]

1.c4 Nf6 2.Nc3 g6 3.e4 d6 4.d4 Bg7 5.Be2 O-O 6.Bg5 h6 7.Be3 e5 8.d5 Nbd7 9.Qd2
Kh7 10.g4 Ne8 11.h4 a5 12.h5 g5 13.Nh3 Bf6 14.f3 Nc5 15.Nf2 Bd7 16.Bd1 c6
17.O-O Na6 18.dxc6 bxc6 19.Ba4 Be7 20.Rfd1 Nf6 21.Nd3 Qc7 22.Rac1 Nb4 23.Nf2
Be6 24.a3 Na6 25.Nd5 cxd5 26.cxd5 Qd8 27.dxe6 fxe6 28.Bb3 Qd7 29.Nd3 Rfd8
30.Qxa5 Rdb8 31.Ba4 Qd8 32.Qxd8 Rxd8 33.Bc6 {#r} 1-0

[Event "Olympiad"]
[Site "masterchessopen.com Habana (Cuba)"]
[Round "0"]
[White "Ojanen Kaarle S (FIN)"]
[Black "Bednarski Jacek B (POL)"]
[Result "1-0"]
[WhiteElo "2335"]
[BlackElo "2227"]

1.d4 g6 2.c4 Bg7 3.Nc3 Nf6 4.e4 O-O 5.Be2 d6 6.Bg5 h6 7.Be3 e5 8.d5 Na6 9.g4
Nc5 10.f3 c6 11.Nh3 cxd5 12.cxd5 Bd7 13.Nf2 b5 14.b4 Na4 15.Nxb5 Bxb5 16.Bxb5
Nc3 17.Qd3 Nfxd5 18.Bc6 Nxe3 19.Qxe3 Qb6 20.Qxc3 Rfc8 21.Rc1 Rc7 22.a4 a6
23.b5 axb5 24.axb5 Ra5 25.Qd2 Bf6 26.h4 Ra3 27.Ke2 Rca7 28.Rc2 Rb3 29.Rb2 Raa3
30.Rxb3 Rxb3 31.g5 hxg5 32.Ng4 Be7 33.hxg5 Qc5 34.Nf6+ Bxf6 35.gxf6 Qc4+
36.Kf2 Qc5+ 37.Kg3 {#r} 1-0

[Event "Ch Great Britain"]
[Site "masterchessopen.com Oxford (England)"]
[Round "5"]
[White "Stephenson F Norman (ENG)"]
[Black "Markland Peter R (ENG)"]
[Result "0-1"]
[WhiteElo "2165"]
[BlackElo "2390"]

1.d4 Nf6 2.c4 g6 3.Nc3 Bg7 4.e4 d6 5.Be2 O-O 6.Bg5 h6 7.Be3 Nbd7 8.Qd2 Kh7
9.g4 c5 10.d5 Ne8 11.f4 Qa5 12.Nf3 a6 13.g5 h5 14.O-O b5 15.Nh4 bxc4 16.Bxh5
gxh5 17.Qe2 Rh8 18.Nf5 Qd8 19.e5 Kg8 20.e6 Nf8 21.exf7+ Kxf7 22.Nh6+ Bxh6
23.Qxh5+ Kg8 24.gxh6 Rh7 25.Kh1 Nf6 26.Rg1+ Kh8 27.Qg5 Bg4 28.Rxg4 Nxg4
29.Qxg4 Nd7 30.Rg1 Nf6 31.Qg2 Rf7 32.Ne4 Nxe4 33.Qxe4 Qd7 34.Rg7 Rxg7 35.hxg7+
Kxg7 36.Qg2+ Kf7 37.Qg5 Qh3 38.Qg2 Qxe3 {#R} 0-1

[Event "?"]
[Site "masterchessopen.com Varna (Bulgaria)"]
[Round "0"]
[White "Bobotsov Milko G (BUL)"]
[Black "Popov Luben (BUL)"]
[Result "1-0"]
[WhiteElo "2405"]
[BlackElo "2317"]

1.d4 Nf6 2.c4 g6 3.Nc3 Bg7 4.e4 d6 5.Be2 O-O 6.Bg5 h6 7.Be3 e5 8.d5 a5 9.g4
Ne8 10.Qd2 Kh7 11.h4 f5 12.gxf5 gxf5 13.exf5 Bxf5 14.Nf3 Na6 15.h5 Bf6
16.O-O-O e4 17.Nd4 Bxd4 18.Qxd4 Nc5 19.Rdg1 Qf6 20.Qd2 Rd8 21.Nb5 Rd7 22.Nd4
Rg7 23.Nxf5 Qxf5 24.Rg6 Rf6 25.Bg4 Qe5 26.Bxc5 dxc5 27.Qxh6+ Kg8 28.Be6+ Kf8
29.Qh8+ Ke7 {#r} 1-0

[Event "Ch Europe (team) (qual)"]
[Site "masterchessopen.com Veseli (Czech Republic)"]
[Round "1"]
[White "Jansa Vlastimil (CZE)"]
[Black "Lambert Hans (AUT)"]
[Result "1-0"]
[WhiteElo "2478"]
[BlackElo "2345"]

1.d4 Nf6 2.c4 g6 3.Nc3 Bg7 4.e4 d6 5.Be2 O-O 6.Bg5 h6 7.Be3 e5 8.d5 c6 9.Qd2
cxd5 10.cxd5 Kh7 11.h4 b5 12.a3 Nbd7 13.h5 g5 14.f3 a6 15.g4 Nc5 16.Qd1 Bd7
17.b4 Na4 18.Nxa4 bxa4 19.Bd3 Bb5 20.Rh2 Rc8 21.Rc2 Rxc2 22.Qxc2 Qd7 23.Bxb5
Qxb5 24.Rc1 a5 25.Qc4 Rb8 26.Qxb5 Rxb5 27.bxa5 Rxa5 28.Rc4 Nxd5 29.exd5 f5
30.gxf5 Rxd5 31.Rxa4 Rd3 32.Ke2 Rb3 33.Ra7 Kg8 34.Rd7 Bf8 35.Nh3 {#r} 1-0

[Event "Olympiad"]
[Site "masterchessopen.com Lugano (Switzerland)"]
[Round "5"]
[White "Lim Kok Ann Dr (SIN)"]
[Black "Cobo Arteaga Eldis (CUB)"]
[Result "0-1"]
[WhiteElo "2038"]
[BlackElo "2345"]

1.d4 Nf6 2.c4 g6 3.Nc3 Bg7 4.e4 d6 5.Be2 O-O 6.Bg5 h6 7.Be3 e5 8.d5 Nbd7 9.Qd2
Kh7 10.f3 Nh5 11.O-O-O f5 12.exf5 gxf5 13.g4 fxg4 14.fxg4 Nf4 15.h4 Nf6
16.Bxf4 exf4 17.Bd3+ Kh8 18.g5 Ng4 19.gxh6 Bd4 20.Kb1 Nf2 21.Nf3 Be3 22.Qc2
Nxh1 23.Ne4 Qe7 24.Qc3+ Kh7 25.Rxh1 Bf5 26.Neg5+ Kxh6 27.Bxf5 Rxf5 28.a3 c5
29.Nh2 Raf8 30.Ne6 Rg8 31.Qc2 Rh5 32.Nf3 Qh7 33.Qxh7+ Kxh7 34.Neg5+ Kg6 35.Ne4
Rd8 36.Rh2 Kf5 37.Nc3 Rdh8 38.Rg2 Bd4 39.Nb5 R8h6 40.Nxa7 Ke4 {#R} 0-1

[Event "It"]
[Site "masterchessopen.com Mar del Plata (Argentina)"]
[Round "0"]
[White "Najdorf Miguel (POL)"]
[Black "Rubinetti Jorge (ARG)"]
[Result "1-0"]
[WhiteElo "2445"]
[BlackElo "2382"]

1.d4 Nf6 2.c4 g6 3.Nc3 Bg7 4.e4 d6 5.Be2 O-O 6.Bg5 h6 7.Be3 c5 8.d5 e6 9.Qd2
exd5 10.exd5 Kh7 11.h3 Re8 12.Bd3 Nbd7 13.Nf3 a6 14.a4 Ng8 15.O-O f5 16.Rfe1
Ndf6 17.Qc2 Nd7 18.g4 Ne5 19.Nxe5 Rxe5 20.Bf4 Qh4 21.Bxe5 Bxe5 22.gxf5 Qg5+
23.Kh1 gxf5 24.Re3 Nf6 25.Rg1 Qf4 26.Rg2 b5 27.Ne2 Qh4 28.Bxf5+ Kh8 29.Bxc8
Rxc8 30.f4 {#r} 1-0

[Event "Zt"]
[Site "masterchessopen.com Mar del Plata (Argentina)"]
[Round "9"]
[White "Najdorf Miguel (POL)"]
[Black "Mendivil Ismael"]
[Result "1-0"]
[WhiteElo "2445"]
[BlackElo "2200"]

1.d4 Nf6 2.c4 g6 3.Nc3 Bg7 4.e4 d6 5.Be2 O-O 6.Bg5 h6 7.Be3 Nbd7 8.h3 e5 9.d5
Nc5 10.Qc2 Nfd7 11.b4 Na6 12.a3 f5 13.Bd3 Nf6 14.f3 Nh5 15.Nge2 Qh4+ 16.Bf2
Qg5 17.Rg1 Nf4 18.Nxf4 exf4 19.Rc1 Bd7 20.Kd2 Rae8 21.h4 Qd8 22.h5 fxe4
23.Nxe4 g5 24.c5 dxc5 25.b5 Nb8 26.Qxc5 Bf5 27.Rgd1 Be5 28.Qc4 Kh8 29.Nc5 Bc8
30.Re1 Bg7 31.Ne6 Bxe6 32.dxe6 Qf6 33.Qe4 {#r} 1-0

[Event "Ch Great Britain (under 21)"]
[Site "masterchessopen.com Rhyl (England)"]
[Round "0"]
[White "Powell J (JAM)"]
[Black "Waters P"]
[Result "0-1"]
[WhiteElo "2200"]
[BlackElo "2184"]

1.d4 Nf6 2.c4 g6 3.Nc3 Bg7 4.e4 d6 5.Be2 O-O 6.Bg5 h6 7.Be3 e5 8.d5 c6 9.h3
cxd5 10.cxd5 Nbd7 11.Nf3 Nc5 12.Qc2 Ne8 13.b4 Nd7 14.Rc1 a5 15.a3 f5 16.Bd3
axb4 17.axb4 f4 18.Bd2 Nb6 19.O-O g5 20.Nb5 Rf7 21.Ra1 Rxa1 22.Rxa1 h5 23.Be1
g4 24.hxg4 hxg4 25.Nd2 Bf8 26.Nc4 Rh7 27.g3 Qg5 28.gxf4 Qxf4 29.Ne3 Qf3 30.Ng2
Qh3 31.Kf1 Qh1+ 32.Ke2 Qxg2 33.Kd2 g3 34.Kc3 Rh1 35.fxg3 Qxc2+ 36.Kxc2 Bh6
{#R} 0-1

[Event "It"]
[Site "masterchessopen.com Bad Pyrmont (Germany)"]
[Round "11"]
[White "Hartoch Robert G (NED)"]
[Black "Naranja Renato (PHI)"]
[Result "1-0"]
[WhiteElo "2198"]
[BlackElo "2221"]

1.d4 Nf6 2.c4 g6 3.Nc3 Bg7 4.e4 d6 5.Be2 O-O 6.Bg5 h6 7.Be3 e5 8.d5 c5 9.g4 a6
10.h4 Nh7 11.Qd2 g5 12.hxg5 hxg5 13.Bd3 Nd7 14.f3 Re8 15.Qh2 Ndf8 16.Nge2 Qf6
17.Qh3 Bd7 18.O-O-O b5 19.Rdf1 bxc4 20.Bc2 Reb8 21.Rh2 Ra7 22.Nd1 Be8 23.Ng3
Qd8 24.Bd2 f6 25.Ne3 Rab7 26.Bc3 Bh8 27.Rfh1 Qc7 28.Ngf5 Bg6 29.Nxc4 Bxf5
30.gxf5 Bg7 31.Qg2 Qd7 32.Na5 Rxb2 33.Bxb2 Qb5 34.Bc3 {#r} 1-0

[Event "It"]
[Site "masterchessopen.com Hungary"]
[Round "0"]
[White "Hradeczky Tamas (HUN)"]
[Black "Barczay Laszlo (HUN)"]
[Result "1-0"]
[WhiteElo "2216"]
[BlackElo "2381"]

1.d4 Nf6 2.c4 g6 3.Nc3 Bg7 4.e4 d6 5.Be2 O-O 6.Bg5 h6 7.Be3 Kh7 8.h4 Nc6 9.h5
e5 10.hxg6+ fxg6 11.d5 Nd4 12.Qd2 Ng8 13.Nh3 Bxh3 14.Rxh3 Rf4 15.Bxd4 exd4
16.Qxf4 dxc3 17.bxc3 Qd7 18.a4 Rf8 19.Qg4 Qxg4 20.Bxg4 Nf6 21.Rb1 Nxg4 22.Rxb7
Rxf2 23.Rxc7 Rf4 24.c5 Rxe4+ 25.Kd2 dxc5 26.d6 Re8 27.Rd3 Ne5 28.Rd5 Nc4+
29.Kd3 Nb6 30.Rdxc5 Rd8 31.R5c6 Nd7 32.Ra6 Nf6 33.c4 Ne8 34.Rcc6 Rd7 35.c5 Be5
36.Ke4 Bf6 37.Kd5 {#r} 1-0

[Event "It"]
[Site "masterchessopen.com Malaga (Spain)"]
[Round "6"]
[White "Toran Albero Roman (ESP)"]
[Black "Tatai Stefano (ITA)"]
[Result "0-1"]
[WhiteElo "2445"]
[BlackElo "2367"]

1.c4 Nf6 2.Nc3 g6 3.d4 Bg7 4.e4 d6 5.Be2 O-O 6.Bg5 h6 7.Be3 c5 8.d5 e6 9.Qd2
exd5 10.exd5 Kh7 11.h3 Ng8 12.Nf3 Na6 13.g4 Nc7 14.a4 Qe7 15.Kf1 Rd8 16.Bd3 a6
17.Re1 Qf8 18.a5 Bd7 19.Ne4 f5 20.Nxd6 Nxd5 21.Bxc5 Nde7 22.gxf5 Nxf5 23.Nxb7
Qf6 24.Nxd8 Ng3+ 25.Kg2 Nxh1 26.Rxh1 Rxd8 27.Bd4 Qc6 28.Bxg7 Bf5 29.Qf4 Rxd3
30.Re1 Kxg7 31.Re3 Rxe3 32.Qxe3 Be4 33.Kg3 Qxc4 34.Ne5 Qd5 35.Qa7+ Qb7 36.Qc5
Nf6 37.f3 Bxf3 38.Qc2 Be4 39.Qc5 Qb3+ {#R} 0-1

[Event "Olympiad"]
[Site "masterchessopen.com Siegen (Germany)"]
[Round "12"]
[White "Polugaevsky Lev A (RUS)"]
[Black "Jansa Vlastimil (CZE)"]
[Result "1-0"]
[WhiteElo "2585"]
[BlackElo "2478"]

1.c4 Nf6 2.Nc3 g6 3.e4 d6 4.d4 Bg7 5.Be2 O-O 6.Bg5 h6 7.Be3 c5 8.d5 e6 9.h3
exd5 10.exd5 Re8 ( 10...Na6 11.Qd2 Kh7 12.Nf3 Bf5 13.Bd3 Qd7 { = Uhlmann -
Fischer, Siegen 1970 } ) 11.Qd2 Kh7 12.Bd3 Na6 ( 12...b5 { !? } 13.cxb5 Nbd7 {
? } ) 13.Nge2 Nc7 14.O-O b5 ( 14...Nd7 15.f4 f5 16.Bf2 { ? } ) 15.Nxb5 Nxb5
16.cxb5 Nxd5 17.Bxg6+ fxg6 18.Qxd5 Rb8 ( 18...Be6 19.Qd2 Bc4 20.Rfd1 d5
21.Rac1 Qb6 22.Nf4 { ± } ) 19.Nf4 Bf5 20.Rad1 Rxb5 21.b3 Rb4 { ? } ( 21...a5
22.Qxd6 Qxd6 23.Rxd6 a4 24.bxa4 Ra5 25.g4 Be5 26.Nd5 { !?/± } ) 22.Qxd6 Qxd6
23.Rxd6 Rb7 24.Rc1 a5 25.g4 Be4 26.Re6 Rbe7 27.Rxe7 Rxe7 28.Bxc5 { +?? }
28...Rd7 29.Ne6 g5 30.Bd4 Kg6 31.Bxg7 Re7 32.Nc5 {#r} 1-0

[Event "Ch Sweden"]
[Site "masterchessopen.com Eskilstuna (Sweden)"]
[Round "9"]
[White "Brostrom Goran (SWE)"]
[Black "Malmgren Sven-Goran (SWE)"]
[Result "1-0"]
[WhiteElo "2410"]
[BlackElo "2400"]

1.d4 Nf6 2.c4 g6 3.Nc3 Bg7 4.e4 d6 5.Be2 O-O 6.Bg5 h6 7.Be3 c5 8.d5 e6 9.Qd2
exd5 10.exd5 Kh7 11.h3 Na6 12.Bd3 Nb4 13.Bb1 Bd7 14.Nf3 Qc8 15.a3 Na6 16.O-O
Bf5 17.Bd3 Re8 18.Qc2 Bxd3 19.Qxd3 Nc7 20.Rfe1 Qd7 21.Bf4 Nh5 22.Bh2 Nf6
23.Rab1 Rxe1+ 24.Rxe1 Re8 25.Rxe8 Nfxe8 26.b3 Qe7 27.Ne4 f5 28.Ned2 b6 29.g4
Qf6 30.gxf5 gxf5 31.Nf1 Kg8 32.Ng3 f4 33.Nh5 Qa1+ 34.Kg2 Qxa3 35.Bxf4 Qb2
36.Qg6 Qxb3 37.Bxd6 Kh8 {#r} 1-0

[Event "Ch Czechoslovakia"]
[Site "masterchessopen.com Luhacovice (Czech Republic)"]
[Round "13"]
[White "Antoshin Vladimir S (RUS)"]
[Black "Liberzon Vladimir M (ISR)"]
[Result "1-0"]
[WhiteElo "2510"]
[BlackElo "2540"]

1.d4 Nf6 2.c4 g6 3.Nc3 Bg7 4.e4 d6 5.Be2 O-O 6.Bg5 h6 7.Be3 c5 8.d5 e6 9.dxe6
Bxe6 10.h3 Qc7 11.Bd2 Nc6 12.Nf3 Nd4 13.Nxd4 cxd4 14.Nd5 Qd8 15.Nxf6+ Qxf6
16.Bd3 Rac8 17.b3 Qh4 18.O-O Bxh3 19.gxh3 Qxh3 20.Qe2 f5 21.f3 fxe4 22.Bxe4 d3
23.Qh2 Qxh2+ 24.Kxh2 Bxa1 25.Rxa1 Rc7 26.Kg3 h5 27.Rd1 Kh7 28.Bb4 Rd7 29.Rxd3
Rfd8 30.Rd5 {#r} 1-0

[Event "Ch World (students)"]
[Site "masterchessopen.com Graz (Austria)"]
[Round "0"]
[White "Lombard Andre (SUI)"]
[Black "Krnic Zdenko (SRB)"]
[Result "1-0"]
[WhiteElo "2380"]
[BlackElo "2400"]

1.d4 Nf6 2.c4 g6 3.Nc3 Bg7 4.e4 d6 5.Be2 O-O 6.Bg5 h6 7.Be3 e5 8.d5 Nbd7 9.Qd2
Nc5 10.f3 a5 11.h4 Kh7 12.Nh3 Ne8 13.h5 g5 14.g4 f6 15.O-O Rf7 16.Nf2 Bf8
17.Nh1 Bd7 18.Ng3 Qb8 19.b3 Ng7 20.Rfb1 Be7 21.Bd1 c6 22.a3 cxd5 23.cxd5 Bd8
24.b4 Na6 25.Be2 b5 26.Qd3 axb4 27.axb4 Be8 28.Nxb5 Rb7 29.Nxd6 Rxb4 30.Nxe8
Nxe8 31.Rxb4 Nxb4 32.Rxa8 Qxa8 33.Qb5 Be7 34.Nf5 Bf8 35.d6 Nc2 36.Bc5 Qa1+
37.Kg2 Qe1 38.Bf2 {#r} 1-0

[Event "Olympiad"]
[Site "masterchessopen.com Skopje (Macedonia)"]
[Round "11"]
[White "Cassidy Raymond"]
[Black "Kerr Brian"]
[Result "0-1"]
[WhiteElo "2200"]
[BlackElo "2200"]

1.c4 g6 2.d4 Bg7 3.Nc3 Nf6 4.e4 d6 5.Bg5 O-O 6.Be2 h6 7.Bh4 c5 8.d5 Qa5 9.Qd2
a6 10.f4 b5 11.e5 b4 12.Nd1 Ne4 13.Qe3 b3+ 14.Kf1 Nd2+ 15.Kf2 dxe5 16.fxe5 Nd7
17.Nc3 g5 18.Bxg5 Nxc4 19.Bxc4 Nxe5 20.Be2 Ng4+ 21.Bxg4 Bd4 22.Bxc8 hxg5
23.Bb7 Qc7 24.Qxd4 cxd4 25.Bxa8 dxc3 26.bxc3 Qxc3 27.Ne2 Qf6+ 28.Kg3 b2
29.Rab1 Qe5+ 30.Kf3 Rxa8 31.Rhe1 Rc8 32.Rbd1 Rc2 33.g3 Rxe2 34.Rxe2 Qf5+ {#R}
0-1

[Event "Olympiad"]
[Site "masterchessopen.com Skopje (Macedonia)"]
[Round "10"]
[White "Hutchings Stuart J (WLS)"]
[Black "Belliard Luis (DOM)"]
[Result "1-0"]
[WhiteElo "2325"]
[BlackElo "2172"]

1.c4 Nf6 2.Nc3 g6 3.e4 d6 4.d4 Bg7 5.Be2 O-O 6.Bg5 h6 7.Be3 c5 8.dxc5 Qa5
9.Bd2 Qxc5 10.Nf3 Qc7 11.h3 Nc6 12.Rc1 Bd7 13.O-O Qb8 14.Be3 b6 15.Qd2 Kh7
16.Nh2 Qb7 17.f4 Rad8 18.Bf3 Qb8 19.Qf2 Rh8 20.g4 Ne8 21.Rfd1 Nc7 22.Qg2 e5
23.f5 Nd4 24.Kh1 Nxf3 25.Nxf3 Bc6 26.g5 gxf5 27.gxh6 Bf6 28.Ng5+ Bxg5 29.Qxg5
Ne6 30.Qxf5+ Kg8 {#r} 1-0

[Event "Ch Poland"]
[Site "masterchessopen.com Gdynia (Poland)"]
[Round "1"]
[White "Pytel Krzysztof (FRA)"]
[Black "Pietrusiak Bogdan (SWE)"]
[Result "1-0"]
[WhiteElo "2390"]
[BlackElo "2165"]

1.d4 Nf6 2.c4 g6 3.Nc3 Bg7 4.e4 d6 5.Be2 O-O 6.Bg5 h6 7.Be3 c5 8.dxc5 Qa5
9.Bd2 Qxc5 10.Nf3 Be6 11.Be3 Qa5 12.O-O Nc6 13.h3 g5 14.Nd4 Nxd4 15.Bxd4 Rfc8
16.Nd5 Nxd5 17.exd5 Bf5 18.Bxg7 Kxg7 19.Qd4+ Kg8 20.Bd3 Bxd3 21.Qxd3 Qb4 22.b3
b5 23.cxb5 Rc5 24.Rae1 Re8 25.f4 gxf4 26.Re4 Qxb5 27.Qf3 Rxd5 28.Qxf4 f5
29.Re6 Rd3 30.Qxh6 Rg3 31.Rg6+ Rxg6 32.Qxg6+ Kh8 {#r} 1-0

[Event "Ch Bulgaria"]
[Site "masterchessopen.com Sofia (Bulgaria)"]
[Date "1973.02.04"]
[Round "4"]
[White "Babev Aleksandar (BUL)"]
[Black "Radev Nikolai (BUL)"]
[Result "0-1"]
[WhiteElo "2315"]
[BlackElo "2304"]

1.d4 Nf6 2.c4 g6 3.Nc3 Bg7 4.e4 d6 5.Be2 O-O 6.Bg5 h6 7.Be3 c5 8.d5 e6 9.h3
exd5 10.exd5 Na6 11.Nf3 Re8 12.Bd3 Nc7 13.a4 Na6 14.Rc1 Nb4 15.Bb1 Bf5 16.O-O
Bxb1 17.Rxb1 Ne4 18.Nxe4 Rxe4 19.b3 Qf6 20.Re1 Rae8 21.Nd2 R4e7 22.Nf1 Qf5
23.Ng3 Qc2 24.Qd2 Bd4 25.Bxh6 Rxe1+ 26.Rxe1 Bxf2+ 27.Qxf2 Qxf2+ 28.Kxf2 Nd3+
29.Kf3 Nxe1+ 30.Kf2 f5 {#R} 0-1

[Event "Ch World (juniors) (under 20) (final A)"]
[Site "masterchessopen.com Teeside (England)"]
[Round "9"]
[White "Dieks Roy G (NED)"]
[Black "Marjanovic Slavoljub (SRB)"]
[Result "1-0"]
[WhiteElo "2265"]
[BlackElo "2300"]

1.d4 Nf6 2.c4 g6 3.Nc3 Bg7 4.e4 d6 5.Be2 O-O 6.Bg5 h6 7.Be3 c5 8.dxc5 Qa5
9.Qd2 dxc5 10.Bxh6 Bxh6 11.Qxh6 Nxe4 12.Rc1 Nxc3 13.Rxc3 Qb6 14.Qc1 Nc6 15.h4
Kg7 16.h5 Rh8 17.h6+ Kh7 18.Nf3 f6 19.Nh4 Rg8 20.Rg3 Bf5 21.Nxf5 gxf5 22.Rg7+
Rxg7 23.hxg7+ Kxg7 24.Bf3 Nb4 25.Qh6+ Kf7 26.O-O Rd8 27.Qh7+ Ke8 28.Qg8+ Kd7
29.Rd1+ Kc8 30.Bxb7+ Kxb7 31.Rxd8 Qc7 32.Qe8 Qf4 33.Rd7+ Kb6 34.Qd8+ Kc6
35.Qc8+ Kb6 36.Rb7+ {#r} 1-0

[Event "Ch World (juniors) (under 20) (final B)"]
[Site "masterchessopen.com Teeside (England)"]
[Round "8"]
[White "Spacek Petr (CZE)"]
[Black "Scheichel Herbert (AUT)"]
[Result "1-0"]
[WhiteElo "2225"]
[BlackElo "2320"]

1.d4 g6 2.c4 Bg7 3.Nc3 d6 4.e4 Nf6 5.Be2 O-O 6.Bg5 h6 7.Be3 e5 8.d5 Nbd7 9.g4
Nc5 10.Bf3 a5 11.g5 Ne8 12.gxh6 Bf6 13.Qd2 Kh7 14.O-O-O Bd7 15.Be2 Na4 16.Nf3
Nxc3 17.Qxc3 c6 18.dxc6 Bxc6 19.Qc2 Qd7 20.h4 b5 21.cxb5 Bxb5 22.Bxb5 Qxb5
23.Kb1 Rb8 24.Rd5 Qa6 25.Bd2 Bd8 26.Ng5+ Kh8 27.Qd3 Qb7 28.Bc3 Bc7 29.Qf3 Bd8
30.Ne6 Rg8 31.Nxd8 Rxd8 32.Bxe5+ f6 33.Bc3 Kh7 34.Rxa5 f5 35.h5 fxe4 36.hxg6+
Rxg6 37.Qf5 d5 38.Rg1 Rd6 39.Rxg6 Rxg6 40.Qxd5 {#r} 1-0

[Event "Olympiad"]
[Site "masterchessopen.com Nice (France)"]
[Round "4"]
[White "Erozbek Akdogan"]
[Black "Midjord Joan Paetur (FAI)"]
[Result "1-0"]
[WhiteElo "2200"]
[BlackElo "2110"]

1.d4 Nf6 2.c4 g6 3.Nc3 Bg7 4.e4 d6 5.Be2 O-O 6.Bg5 h6 7.Be3 e5 8.d5 a5 9.h3
Nbd7 10.Qd2 Kh7 11.g4 Nc5 12.f3 g5 13.h4 gxh4 14.Bf2 Rh8 15.Bxh4 Kg8 16.O-O-O
Bd7 17.Nh3 Qc8 18.Nf2 Nh7 19.Rdg1 f6 20.Nfd1 c6 21.Ne3 b5 22.dxc6 Qxc6 23.cxb5
Qc8 24.Bc4+ Be6 25.Nf5 Bf8 26.Bxe6+ Qxe6 27.Nxh6+ Bxh6 28.Qxh6 Kf7 29.Qd2 Rac8
30.Kb1 a4 31.Rd1 Ke7 32.g5 f5 33.g6+ Nf6 34.Nd5+ {#r} 1-0